| 000 | 00464nam a2200169Ia 4500 | ||
|---|---|---|---|
| 008 | 100315s9999 xx 000 0 und d | ||
| 082 | _b549 | ||
| 100 | _a"JAWLE, M G. " | ||
| 245 | _aSOME IMPLICATIONS OF THE LIMITS TO GROWTH | ||
| 260 | _c1972 | ||
| 300 | _a29P | ||
| 365 |
_eAus.Sch. _d1 _b1.50 |
||
| 366 | _f0 | ||
| 630 | _aSOME IMPLICATIONS OF THE LIMITS TO GROWTH | ||
| 730 | _aSOME IMPLICATIONS OF THE LIMITS TO GROWTH | ||
| 942 | _cBOOK | ||
| 999 |
_c475284 _d475281 |
||